000 00689nam a2200205 a 4500
001 BRCA_2964
005 20190320204040.0
008 171208s1910----mx-a---###---#000-0#spa-u
050 4 _aBX1740
_b.A98 1910
245 1 0 _aAutos de fe de la Inquisición de México con extractos de sus causas, 1646-1648
_cpublicados por Genaro García.
260 _aMéxico
_bVda. de Ch. Bouret
_c1910
300 _a274 p.
_bil.
_c20 cm.
440 0 _aDocumentos inéditos o muy raros para la historia de México
_n28
_98223
500 _aB108
650 1 4 _aInquisición
_zMéxico
_98130
650 1 4 _aJudios en México
_98224
700 1 _aGarcía, Genaro
_d1867-1920
_9453
902 _aGFM
942 _2lcc
_cB
999 _c2703
_d2703